000 00239nam a2200109Ia 4500
008 200302s9999 xx 000 0 und d
100 _aL.J. Peet
245 _aHousehold Equipment
260 _b John wiley& sons
260 _c1995
300 _a444
999 _c17
_d17